000 00695nam a22002297a 4500
001 30640
003 UA-OsUOA
005 20220624214922.0
007 ta
008 20041111b un ||||| |||| 00| 0 ukr d
040 _aUA-OsUOA
_brus
_cUA-OsUOA
_dUA-OsUOA
041 _arus
044 _aRU
080 _a821.161.1
090 _a821.161.1
_bП15
245 _aПамятники литературы Древней Руси. Вторая половина XVI века
_cсост. Л. А. Дмитриев, Д. С. Лихачева
260 _aМосква
_bХудожественная литература
_c1986
300 _a640 с.
650 7 _2UDC
942 _cBK
_2udc
955 _a0
999 _c317054
_d317054